Geography Quiz

Random Geography or World Quiz

Countries With 1% or More of the World's Population Quiz Stats

 Plays Quiz Updated Jul 31, 2014

Support Sporcle.
Go Orange.
Score 0/19 Timer 03:00
2 Plays Today
Percentage Country % Correct
18.54%China
99.7%
4.28%United States of America
99.3%
17.74%India
98.3%
1.89%Russia
95.6%
2.76%Brazil
94.9%
1.71%Mexico
90%
1.67%Japan
88.7%
1.08%Germany
86.2%
3.50%Indonesia
79.7%
2.63%Pakistan
76.3%
Percentage Country % Correct
1.30%Egypt
71.8%
2.57%Nigeria
70.6%
1.07%Iran
67.3%
2.57%Bangladesh
61.1%
1.07%Turkey
58.7%
1.26%Vietnam
53%
1.10%Democratic Republic of the Congo
50.5%
1.40%Philippines
50.3%
1.41%Ethiopia
42.7%

You're not logged in!

Compare scores with friends on all Sporcle quizzes.
OR
Log In

From the Vault

Double Letter Crossword

by apeminkie

Two letters is better than none.
Remove Ads.
Support Sporcle.
Get the best of Sporcle when you Go Orange. This ad-free experience offers more features, more stats, and more fun while also helping to support Sporcle. Thank you for becoming a member.

Show Comments

Extras

Top Quizzes Today


Score Distribution

Your Account Isn't Verified!

In order to create a playlist on Sporcle, you need to verify the email address you used during registration. Go to your Sporcle Settings to finish the process.

Report this User

Report this user for behavior that violates our Community Guidelines.

Details: